00405cam a2200169ua 45000010005000000080039000050200015000440400009000590410008000680820008000761000029000842450049001132500009001622600033001713000010002046530021002146952141117n ii |||gr||||Z||||||asm a8173391769 cMAIN aasm a301 aNath, Gunamoni,eAuthor. aBharatiya samajor parichaycBy Gunamoni Nath a1st. aDibrugarh:bBanalata,c2011. a202p. aIndian sociology